Statistics for 合併した市町村

Click here to take the quiz!

General Stats

  • This quiz has been taken 11 times
    (6 since last reset)
  • The average score is 189 of 1822

Answer Stats

合併後合併前% Correct
長崎市 | 高島市高島町
80%
まんのう町満濃町
60%
米原市米原町
60%
野洲市野洲町
60%
高島市マキノ町
60%
みどり市 | 伊勢崎市 | 東吾妻町 | 白河市東村
60%
せたな町瀬棚町
60%
士別市 | 越前町朝日町
60%
たつの市龍野市
60%
気仙沼市本吉町
40%
笛吹市石和町
40%
甲州市勝沼町
40%
北杜市小淵沢町
40%
日光市今市市
40%
東近江市能登川町
40%
東近江市八日市市
40%
千曲市更埴市
40%
甲斐市竜王町
40%
下野市 | 高松市国分寺町
40%
うきは市浮羽町
40%
たつの市揖保川町
40%
高島市安曇川町
40%
さいたま市大宮市
40%
大仙市大曲市
40%
周南市徳山市
40%
篠山市篠山町
40%
たつの市新宮町
40%
豊岡市但東町
40%
さいたま市浦和市
40%
奥州市江刺市
40%
奥州市水沢市
40%
奥州市前沢町
40%
香美町香住町
40%
東吾妻町 | 雲仙市吾妻町
40%
石巻市河北町
40%
登米市登米町
40%
おおい町大飯町
40%
登米市迫町
40%
豊岡市出石町
40%
あわら市芦原町
40%
若狭町三方町
40%
養父市養父町
40%
甲賀市甲賀町
40%
養父市八鹿町
40%
野洲市中主町
40%
四万十市中村市
40%
北秋田市鷹巣町
40%
三豊市豊中町
40%
南相馬市原町市
40%
中能登町 | 南相馬市 | 松江市 | 鹿嶋市鹿島町
40%
伊達市伊達町
40%
静岡市清水市
40%
伊豆市修善寺町
40%
伊達市梁川町
40%
豊田市足助町
40%
伊豆市土肥町
40%
三豊市詫間町
40%
さぬき市大川町
40%
高松市庵治町
40%
島田市川根町
40%
島田市金谷町
40%
綾川町綾上町
40%
那珂市那珂町
40%
浜松市舞阪町
40%
浜松市浜北市
40%
浜松市天竜市
40%
桜川市岩瀬町
40%
さぬき市志度町
40%
仙北市角館町
40%
三好市 | 三豊市三野町
40%
さいたま市岩槻市
40%
横手市十文字町
40%
伊那市高遠町
40%
那須塩原市黒磯市
40%
いの町伊野町
40%
飛騨市古川町
40%
にかほ市象潟町
40%
にかほ市仁賀保町
40%
三好市 | 小豆島町池田町
40%
北名古屋市西春町
40%
東かがわ市 | 郡上市白鳥町
40%
八峰町八森町
40%
函館市戸井町
40%
東みよし町三好町
40%
志摩市 | 糸島市志摩町
40%
下呂市下呂町
40%
常総市水海道市
40%
たつの市 | 岡山市 | 豊川市御津町
40%
さいたま市与野市
40%
函館市恵山町
40%
新温泉町温泉町
40%
奥出雲町横田町
40%
青森市浪岡町
40%
川口市鳩ヶ谷市
40%
湯梨浜町羽合町
40%
五所川原市金木町
40%
むつ市脇野沢村
40%
西和賀町湯田町
40%
新潟市豊栄市
40%
新ひだか町静内町
40%
新ひだか町三石町
40%
大空町女満別町
40%
むかわ町鵡川町
40%
香取市佐原市
40%
名寄市風連町
40%
山武市成東町
40%
みなべ町南部町
40%
横芝光町横芝町
40%
横芝光町光町
40%
印西市印旛村
40%
北斗市上磯町
40%
佐渡市両津市
40%
あきる野市五日市町
40%
あきる野市秋川市
40%
西東京市田無市
40%
西東京市保谷市
40%
石狩市浜益村
40%
せたな町大成町
40%
森町砂原町
40%
函館市椴法華村
40%
長岡市栃尾市
40%
いすみ市 | 美作市大原町
40%
神河町神崎町
40%
新温泉町浜坂町
40%
北上市和賀町
40%
射水市新湊市
40%
南砺市城端町
40%
一関市花泉町
40%
西条市東予市
20%
松山市北条市
20%
魚沼市堀之内町
20%
上天草市松島町
20%
南砺市上平村
20%
愛南町 | 西海市西海町
20%
揖斐川町藤橋村
20%
七尾市 | 松山市中島町
20%
宮古島市 | 愛南町城辺町
20%
中津川市加子母村
20%
愛南町一本松町
20%
魚沼市小出町
20%
各務原市 | 吉野川市川島町
20%
三原市 | 佐賀市 | 光市 | +3 others大和町
20%
富山市山田村
20%
恵那市明智町
20%
壱岐市郷ノ浦町
20%
今治市玉川町
20%
恵那市岩村町
20%
下呂市金山町
20%
白山市松任市
20%
南魚沼市六日町
20%
上越市柿崎町
20%
三木市 | 上越市吉川町
20%
上越市 | 宗像市 | 平戸市大島村
20%
五島市福江市
20%
本巣市根尾村
20%
山陽小野田市 | 赤磐市山陽町
20%
中津川市 | 真庭市 | 萩市川上村
20%
阿賀野市水原町
20%
海津市海津町
20%
沼津市戸田村
20%
佐渡市佐和田町
20%
周防大島町 | 射水市 | 西海市大島町
20%
佐渡市小木町
20%
浜松市引佐町
20%
山鹿市鹿北町
20%
綾川町綾南町
20%
射水市小杉町
20%
伊豆の国市韮山町
20%
四国中央市伊予三島市
20%
四国中央市土居町
20%
下関市 | 磐田市豊田町
20%
西予市宇和町
20%
下関市 | 菊川市菊川町
20%
可児市兼山町
20%
佐渡市相川町
20%
御前崎市御前崎町
20%
富山市婦中町
20%
富山市八尾町
20%
久万高原町久万町
20%
射水市大門町
20%
黒部市宇奈月町
20%
富山市 | 日田市大山町
20%
かほく市宇ノ気町
20%
浜松市可美村
20%
かほく市高松町
20%
岩国市 | 白山市美川町
20%
大垣市墨俣町
20%
南島原市有家町
20%
南島原市南有馬町
20%
対馬市厳原町
20%
富士河口湖町河口湖町
20%
南魚沼市塩沢町
20%
富士川町鰍沢町
20%
富士河口湖町 | 甲府市上九一色村
20%
新潟市巻町
20%
甲州市塩山市
20%
市川三郷町市川大門町
20%
上野原市上野原町
20%
みやま市高田町
20%
長岡市寺泊町
20%
長岡市与板町
20%
宍粟市 | 淡路市 | 笛吹市 | 豊川市一宮町
20%
身延町下部町
20%
五泉市村松町
20%
南アルプス市 | 湖南市甲西町
20%
南砺市福光町
20%
天草市 | 島原市 | 志布志市 | 白石町有明町
20%
坂井市春江町
20%
坂井市三国町
20%
長岡市川口町
20%
坂井市丸岡町
20%
おおい町名田庄村
20%
新上五島町上五島町
20%
南越前町今庄町
20%
南砺市井波町
20%
小城市小城町
20%
浜松市三ケ日町
20%
有田川町 | 福井市清水町
20%
みやき町中原町
20%
越前市武生市
20%
胎内市中条町
20%
胎内市黒川村
20%
越前市今立町
20%
安曇野市明科町
20%
飛騨市河合村
20%
瑞穂市穂積町
20%
南島原市西有家町
20%
南島原市口之津町
20%
佐世保市小佐々町
20%
新潟市新津市
20%
新潟市白根市
20%
上田市丸子町
20%
大町市美麻村
20%
能登町能都町
20%
大町市八坂村
20%
筑前町 | 香南市夜須町
20%
松浦市福島町
20%
安曇野市豊科町
20%
築上町築城町
20%
神埼市神埼町
20%
安曇野市穂高町
20%
雲仙市小浜町
20%
南砺市平村
20%
南砺市福野町
20%
福津市福間町
20%
十日町市松代町
20%
妙高市新井市
20%
久留米市田主丸町
20%
平戸市生月町
20%
西海市西彼町
20%
佐久穂町佐久町
20%
阿賀町津川町
20%
有田町西有田町
20%
南丹市 | 山県市 | 福井市美山町
20%
さぬき市長尾町
20%
浜松市 | 高知市春野町
20%
姫路市香寺町
20%
多可町 | 安芸高田市八千代町
20%
神河町大河内町
20%
洲本市五色町
20%
加東市社町
20%
加東市滝野町
20%
加東市東条町
20%
姫路市安富町
20%
姫路市家島町
20%
姫路市夢前町
20%
多可町加美町
20%
奈良市月ヶ瀬村
20%
呉市 | 観音寺市豊浜町
20%
串本町古座町
20%
呉市音戸町
20%
田辺市龍神村
20%
東広島市黒瀬町
20%
東広島市安芸津町
20%
紀の川市打田町
20%
多可町中町
20%
佐用町南光町
20%
紀美野町美里町
20%
淡路市津名町
20%
南あわじ市南淡町
20%
南あわじ市緑町
20%
豊岡市城崎町
20%
豊岡市竹野町
20%
朝来市生野町
20%
朝来市朝来町
20%
朝来市和田山町
20%
淡路市淡路町
20%
淡路市東浦町
20%
佐用町上月町
20%
淡路市北淡町
20%
宍粟市山崎町
20%
宍粟市千種町
20%
宍粟市波賀町
20%
香美町村岡町
20%
香美町美方町
20%
西脇市黒田庄町
20%
庄原市西城町
20%
紀の川市粉河町
20%
有田川町金屋町
20%
南あわじ市三原町
20%
吉賀町柿木村
20%
美作市東粟倉村
20%
出雲市平田市
20%
真庭市美甘村
20%
松江市美保関町
20%
津和野町日原町
20%
浜田市 | 長門市三隅町
20%
浜田市弥栄村
20%
大田市温泉津町
20%
吉賀町六日市町
20%
和気町 | 廿日市市佐伯町
20%
みやこ町 | 真庭市勝山町
20%
真庭市久世町
20%
高梁市川上町
20%
新見市哲西町
20%
瀬戸内市牛窓町
20%
津山市久米町
20%
井原市美星町
20%
井原市芳井町
20%
倉敷市真備町
20%
雲南市木次町
20%
神石高原町神石町
20%
府中市上下町
20%
江田島市大柿町
20%
日向市 | 湯梨浜町 | 薩摩川内市東郷町
20%
江田島市江田島町
20%
安芸太田町筒賀村
20%
安芸太田町戸河内町
20%
周南市 | 鳥取市鹿野町
20%
安芸太田町加計町
20%
三次市三良坂町
20%
安芸高田市美土里町
20%
雲南市三刀屋町
20%
安芸高田市高宮町
20%
大崎上島町大崎町
20%
隠岐の島町西郷町
20%
岡山市建部町
20%
益田市美都町
20%
浅口市金光町
20%
浅口市寄島町
20%
浅口市鴨方町
20%
南あわじ市西淡町
20%
丹波市氷上町
20%
浜松市水窪町
20%
丹波市 | 清須市春日町
20%
清須市西枇杷島町
20%
さぬき市津田町
20%
佐渡市羽茂町
20%
田原市渥美町
20%
豊根村富山村
20%
岡崎市額田町
20%
さぬき市寒川町
20%
弥富市弥富町
20%
あま市七宝町
20%
丸亀市綾歌町
20%
あま市甚目寺町
20%
あま市 | 岩国市美和町
20%
西尾市一色町
20%
西尾市幡豆町
20%
いなべ市員弁町
20%
伊賀市上野市
20%
伊賀市青山町
20%
桑名市 | 長島町長島町
20%
東かがわ市引田町
20%
丸亀市飯山町
20%
四日市市 | 宇部市楠町
20%
湖西市新居町
20%
浜松市雄踏町
20%
川根本町中川根町
20%
川根本町本川根町
20%
宇陀市 | 牧之原市榛原町
20%
まんのう町琴南町
20%
富士市富士川町
20%
焼津市大井川町
20%
高松市牟礼町
20%
高松市香南町
20%
高松市塩江町
20%
田原市田原町
20%
高松市香川町
20%
浜田市 | 美咲町 | 豊田市旭町
20%
三豊市仁尾町
20%
三豊市財田町
20%
三豊市高瀬町
20%
観音寺市大野原町
20%
愛西市佐織町
20%
嬉野市 | 松阪市嬉野町
20%
南伊勢町南勢町
20%
丹波市柏原町
20%
尾道市因島市
20%
京丹後市峰山町
20%
京都市京北町
20%
京丹波町 | 邑南町 | 雲仙市瑞穂町
20%
周防大島町橘町
20%
南丹市園部町
20%
周南市新南陽市
20%
与謝野町加悦町
20%
福山市神辺町
20%
木津川市木津町
20%
長浜市余呉町
20%
堺市美原町
20%
篠山市今田町
20%
篠山市西紀町
20%
広島市湯来町
20%
庄原市東城町
20%
丹波市山南町
20%
丹波市市島町
20%
丹波市青垣町
20%
京丹後市丹後町
20%
長浜市高月町
20%
つるぎ町貞光町
20%
甲賀市甲南町
20%
美馬市脇町
20%
津市一志町
20%
津市久居市
20%
美馬市美馬町
20%
美馬市穴吹町
20%
津市白山町
20%
吉野川市鴨島町
20%
紀宝町鵜殿村
20%
湖南市石部町
20%
長浜市虎姫町
20%
高島市朽木村
20%
高島市今津町
20%
高島市新旭町
20%
東近江市湖東町
20%
岩国市玖珂町
20%
朝来市 | 米原市山東町
20%
愛荘町秦荘町
20%
山陽小野田市小野田市
20%
宇城市三角町
20%
白山市白峰村
20%
鏡野町富村
20%
ひたちなか市那珂湊市
20%
伊達市月舘町
20%
伊達市保原町
20%
伊達市霊山町
20%
喜多方市山都町
20%
喜多方市熱塩加納村
20%
南会津町田島町
20%
本宮市 | 田辺市本宮町
20%
水戸市常澄村
20%
ひたちなか市勝田市
20%
潮来市牛堀町
20%
由布市湯布院町
20%
潮来市潮来町
20%
つくば市茎崎町
20%
常陸大宮市御前山村
20%
京丹後市 | 大紀町 | 常陸大宮市大宮町
20%
日立市十王町
20%
常陸太田市金砂郷町
20%
常陸太田市水府村
20%
常陸太田市里美村
20%
那珂市瓜連町
20%
二本松市安達町
20%
国東市国東町
20%
城里町桂村
20%
八峰町峰浜村
20%
大仙市 | 飛騨市神岡町
20%
さつま町薩摩町
20%
仙北市田沢湖町
20%
薩摩川内市川内市
20%
横手市増田町
20%
横手市雄物川町
20%
三種町 | 三豊市山本町
20%
宮崎市清武町
20%
日南市北郷町
20%
鶴岡市羽黒町
20%
須賀川市長沼町
20%
鶴岡市温海町
20%
美郷町北郷村
20%
村上市 | 高山市 | 鶴岡市朝日村
20%
美郷町西郷村
20%
郡上市 | 酒田市八幡町
20%
海津市 | 酒田市平田町
20%
田村市常葉町
20%
田村市船引町
20%
宮崎市佐土原町
20%
水戸市内原町
20%
城里町七会村
20%
錦江町大根占町
20%
宇城市 | 小美玉市 | 那珂川町小川町
20%
鉾田市鉾田町
20%
下妻市千代川村
20%
常総市石下町
20%
みなかみ町 | 土浦市新治村
20%
笠間市岩間町
20%
笠間市友部町
20%
つくばみらい市伊奈町
20%
つくばみらい市谷和原村
20%
小美玉市玉里村
20%
小美玉市美野里町
20%
萩市 | 鉾田市旭村
20%
那須塩原市西那須野町
20%
佐野市葛生町
20%
佐野市田沼町
20%
さくら市喜連川町
20%
さくら市氏家町
20%
那須烏山市烏山町
20%
那珂川町馬頭町
20%
日光市足尾町
20%
いなべ市 | 日光市藤原町
20%
鉾田市大洋村
20%
桜川市 | 甲州市 | 美郷町大和村
20%
城里町常北町
20%
筑西市明野町
20%
宇城市不知火町
20%
坂東市岩井市
20%
稲敷市江戸崎町
20%
稲敷市桜川村
20%
稲敷市新利根町
20%
稲敷市 | 長島町東町
20%
取手市藤代町
20%
筑西市下館市
20%
筑西市関城町
20%
かすみがうら市霞ヶ浦町
20%
桜川市真壁町
20%
かすみがうら市 | 北広島町 | 神埼市千代田町
20%
神栖市神栖町
20%
神栖市波崎町
20%
行方市玉造町
20%
延岡市 | 行方市北浦町
20%
行方市麻生町
20%
三次市 | 古河市 | 神石高原町 | +2 others三和町
20%
古河市総和町
20%
石岡市八郷町
20%
大仙市 | 筑西市協和町
20%
潟上市昭和町
20%
宇都宮市上河内町
20%
八戸市 | 南会津町 | 美郷町南郷村
20%
大空町東藻琴村
20%
湧別町上湧別町
20%
十和田市十和田湖町
20%
つがる市車力村
20%
つがる市柏村
20%
つがる市木造町
20%
むつ市大畑町
20%
宮古島市平良市
20%
中泊町小泊村
20%
深浦町岩崎村
20%
安平町追分町
20%
七戸町天間林村
20%
東北町上北町
20%
平川市碇ヶ関村
20%
平川市尾上町
20%
平川市平賀町
20%
うるま市具志川市
20%
おいらせ町下田町
20%
おいらせ町百石町
20%
北上市江釣子村
20%
むかわ町穂別町
20%
安平町早来町
20%
宮古市田老町
20%
北斗市 | 廿日市市 | 豊後大野市大野町
20%
函館市南茅部町
20%
せたな町北檜山町
20%
石狩市厚田村
20%
八雲町熊石町
20%
遠軽町丸瀬布町
20%
遠軽町生田原町
20%
遠軽町白滝村
20%
釧路市阿寒町
20%
釧路市音別町
20%
幕別町忠類村
20%
洞爺湖町洞爺村
20%
伊達市 | 秩父市大滝村
20%
日高町門別町
20%
北見市常呂町
20%
北見市端野町
20%
北見市留辺蘂町
20%
枝幸町歌登町
20%
岩見沢市栗沢町
20%
岩見沢市北村
20%
洞爺湖町虻田町
20%
久米島町具志川村
20%
八幡平市松尾村
20%
由利本荘市由利町
20%
大崎市田尻町
20%
栗原市若柳町
20%
栗原市瀬峰町
20%
栗原市築館町
20%
霧島市隼人町
20%
美里町小牛田町
20%
日南市 | 美里町南郷町
20%
大崎市岩出山町
20%
大崎市三本木町
20%
大崎市鹿島台町
20%
いちき串木野市市来町
20%
栗原市栗駒町
20%
いちき串木野市串木野市
20%
曽於市大隅町
20%
日置市伊集院町
20%
南大隅町根占町
20%
東かがわ市 | 由利本荘市大内町
20%
由利本荘市鳥海町
20%
由利本荘市東由利町
20%
由利本荘市本荘市
20%
由利本荘市矢島町
20%
霧島市霧島町
20%
栗原市金成町
20%
一関市千厩町
20%
洋野町 | 鹿嶋市大野村
20%
南九州市知覧町
20%
一関市 | 掛川市 | 雲南市大東町
20%
屋久島町上屋久町
20%
西和賀町沢内村
20%
花巻市石鳥谷町
20%
屋久島町屋久町
20%
奄美市名瀬市
20%
二戸市浄法寺町
20%
洋野町種市町
20%
奥州市胆沢町
20%
栗原市花山村
20%
宮古市川井村
20%
一関市藤沢町
20%
加美町宮崎町
20%
加美町中新田町
20%
志布志市志布志町
20%
湯沢市 | 石巻市雄勝町
20%
登米市石越町
20%
登米市津山町
20%
栗原市一迫町
20%
宇都宮市 | 東広島市 | 熊本市河内町
20%
坂東市猿島町
20%
真岡市二宮町
20%
みなかみ町水上町
20%
野田市関宿町
20%
渋川市伊香保町
20%
高崎市倉渕村
20%
柏市沼南町
20%
高崎市新町
20%
藤岡市鬼石町
20%
桐生市黒保根村
20%
ときがわ町都幾川村
20%
旭市飯岡町
20%
太田市藪塚本町
20%
いすみ市夷隅町
20%
前橋市大胡町
20%
神流町万場町
20%
栃木市 | 豊田市藤岡町
20%
栃木市都賀町
20%
熊谷市江南町
20%
合志市合志町
20%
都城市 | 香取市山田町
20%
天草市本渡市
20%
熊谷市妻沼町
20%
春日部市庄和町
20%
栃木市岩舟町
20%
宇和島市 | 安芸高田市 | 燕市 | +2 others吉田町
20%
ふじみ野市上福岡市
20%
ふじみ野市大井町
20%
天草市牛深市
20%
うきは市 | 佐世保市 | 赤磐市 | 高崎市吉井町
20%
渋川市北橘村
20%
前橋市富士見村
20%
高崎市榛名町
20%
みどり市大間々町
20%
みどり市笠懸町
20%
合志市西合志町
20%
安中市松井田町
20%
本庄市児玉町
20%
栃木市大平町
20%
匝瑳市八日市場市
20%
阿蘇市阿蘇町
20%
海陽町海部町
20%
印西市本埜村
20%
相模原市相模湖町
20%
相模原市城山町
20%
相模原市津久井町
20%
霧島市福山町
0%
玉名市岱明町
0%
南さつま市加世田市
0%
玉名市天水町
0%
芦北町田浦町
0%
山鹿市菊鹿町
0%
霧島市牧園町
0%
庄原市比和町
0%
美作市勝田町
0%
長崎市香焼町
0%
芦北町芦北町
0%
新見市哲多町
0%
霧島市国分市
0%
長崎市外海町
0%
山鹿市鹿央町
0%
霧島市溝辺町
0%
廿日市市宮島町
0%
長崎市伊王島町
0%
尾道市瀬戸田町
0%
新上五島町有川町
0%
玉名市横島町
0%
長崎市野母崎町
0%
南さつま市笠沙町
0%
指宿市開聞町
0%
上天草市龍ヶ岳町
0%
出水市野田町
0%
西海市崎戸町
0%
佐世保市世知原町
0%
氷川町竜北町
0%
美里町砥用町
0%
出水市高尾野町
0%
諫早市飯盛町
0%
諫早市多良見町
0%
鹿屋市吾平町
0%
周南市熊毛町
0%
鹿屋市串良町
0%
諫早市森山町
0%
諫早市小長井町
0%
真庭市中和村
0%
庄原市総領町
0%
鹿屋市輝北町
0%
諫早市高来町
0%
南さつま市坊津町
0%
南さつま市大浦町
0%
南さつま市金峰町
0%
新上五島町奈良尾町
0%
新見市神郷町
0%
霧島市横川町
0%
天草市新和町
0%
山口市秋穂町
0%
山口市小郡町
0%
天草市五和町
0%
山口市徳地町
0%
岩国市錦町
0%
総社市清音村
0%
新上五島町若松町
0%
天草市御所浦町
0%
岩国市周東町
0%
岩国市本郷村
0%
山鹿市鹿本町
0%
岩国市由宇町
0%
総社市山手村
0%
岡山市灘崎町
0%
五島市富江町
0%
湧水町栗野町
0%
天草市栖本町
0%
赤磐市赤坂町
0%
湧水町吉松町
0%
さつま町鶴田町
0%
五島市奈留町
0%
山口市阿知須町
0%
南大隅町佐多町
0%
新見市大佐町
0%
曽於市末吉町
0%
奄美市住用村
0%
新上五島町新魚目町
0%
和水町菊水町
0%
周防大島町久賀町
0%
下関市豊北町
0%
美咲町 | 美里町中央町
0%
肝付町内之浦町
0%
肝付町高山町
0%
柳井市大畠町
0%
萩市むつみ村
0%
和水町三加和町
0%
長門市油谷町
0%
萩市須佐町
0%
萩市田万川町
0%
曽於市財部町
0%
美咲町柵原町
0%
備前市日生町
0%
備前市吉永町
0%
萩市福栄村
0%
長門市日置町
0%
日置市東市来町
0%
天草市河浦町
0%
奄美市笠利町
0%
真庭市湯原町
0%
美作市美作町
0%
宮古島市上野村
0%
三次市吉舎町
0%
三次市君田村
0%
美作市作東町
0%
三次市甲奴町
0%
三次市作木村
0%
南城市佐敷町
0%
三次市布野村
0%
佐世保市鹿町町
0%
南城市玉城村
0%
佐世保市江迎町
0%
世羅町甲山町
0%
熊本市天明町
0%
世羅町世羅西町
0%
江田島市沖美町
0%
宮古島市下地町
0%
宮古島市伊良部町
0%
美作市英田町
0%
南阿蘇村白水村
0%
南島原市北有馬町
0%
江田島市能美町
0%
南島原市布津町
0%
神石高原町豊松村
0%
山都町清和村
0%
呉市川尻町
0%
神石高原町油木町
0%
伊方町 | 岡山市瀬戸町
0%
山都町蘇陽町
0%
倉敷市船穂町
0%
あさぎり町免田町
0%
あさぎり町須恵村
0%
山都町矢部町
0%
南阿蘇村久木野村
0%
あさぎり町深田村
0%
あさぎり町岡原村
0%
八重瀬町具志頭村
0%
熊本市北部町
0%
南城市知念村
0%
熊本市飽田町
0%
福山市新市町
0%
小豆島町 | 福山市内海町
0%
廿日市市吉和村
0%
呉市下蒲刈町
0%
南阿蘇村長陽村
0%
大崎上島町東野町
0%
大崎上島町木江町
0%
安芸高田市向原町
0%
安芸高田市甲田町
0%
南城市大里村
0%
菊池市旭志村
0%
福山市沼隈町
0%
西海市大瀬戸町
0%
雲仙市千々石町
0%
久米島町仲里村
0%
八代市千丁町
0%
姶良市加治木町
0%
美祢市秋芳町
0%
姶良市姶良町
0%
八代市泉村
0%
伊佐市菱刈町
0%
伊佐市大口市
0%
松浦市鷹島町
0%
雲仙市南串山町
0%
南九州市頴娃町
0%
庄原市口和町
0%
阿蘇市波野村
0%
国東市 | 雲仙市国見町
0%
上天草市大矢野町
0%
阿蘇市一の宮町
0%
真庭市八束村
0%
雲仙市愛野町
0%
平戸市田平町
0%
八代市東陽村
0%
氷川町宮原町
0%
上天草市姫戸町
0%
庄原市高野町
0%
長崎市琴海町
0%
菊池市七城町
0%
呉市安浦町
0%
真庭市落合町
0%
南島原市深江町
0%
北広島町芸北町
0%
北広島町大朝町
0%
菊池市泗水町
0%
北広島町豊平町
0%
南島原市加津佐町
0%
うるま市与那城町
0%
東広島市 | 白石町福富町
0%
東広島市豊栄町
0%
うるま市石川市
0%
尾道市向島町
0%
うるま市勝連町
0%
八代市鏡町
0%
呉市蒲刈町
0%
八代市坂本村
0%
呉市倉橋町
0%
呉市豊町
0%
佐世保市宇久町
0%
三原市久井町
0%
三原市本郷町
0%
尾道市御調町
0%
真庭市北房町
0%
さつま町宮之城町
0%
五島市三井楽町
0%
美祢市美東町
0%
八幡浜市保内町
0%
今治市宮窪町
0%
八女市星野村
0%
今治市 | 佐伯市上浦町
0%
今治市大三島町
0%
今治市大西町
0%
八女市黒木町
0%
糸島市二丈町
0%
今治市朝倉村
0%
今治市波方町
0%
今治市伯方町
0%
糸島市前原市
0%
伊予市双海町
0%
八女市矢部村
0%
伊方町三崎町
0%
宇和島市三間町
0%
みやま市瀬高町
0%
宇和島市津島町
0%
八女市上陽町
0%
宇佐市院内町
0%
いの町吾北村
0%
いの町本川村
0%
高知市鏡村
0%
高知市土佐山村
0%
津野町東津野村
0%
今治市吉海町
0%
佐伯市米水津村
0%
四万十市西土佐村
0%
西条市小松町
0%
上島町弓削町
0%
唐津市浜玉町
0%
上島町魚島村
0%
上島町生名村
0%
唐津市肥前町
0%
唐津市鎮西町
0%
愛南町御荘町
0%
佐伯市鶴見町
0%
唐津市相知町
0%
唐津市呼子町
0%
愛南町内海村
0%
西条市丹原町
0%
今治市菊間町
0%
唐津市厳木町
0%
八女市立花町
0%
砥部町広田村
0%
内子町五十崎町
0%
内子町小田町
0%
鬼北町広見町
0%
鬼北町日吉村
0%
大洲市河辺村
0%
大洲市肱川町
0%
大洲市長浜町
0%
今治市関前村
0%
津野町葉山村
0%
嘉麻市山田市
0%
東温市重信町
0%
宮若市宮田町
0%
久留米市北野町
0%
日田市中津江村
0%
柳川市三橋町
0%
筑前町三輪町
0%
日田市前津江村
0%
東峰村小石原村
0%
東峰村宝珠山村
0%
上毛町新吉富村
0%
上毛町大平村
0%
日田市上津江村
0%
築上町椎田町
0%
佐伯市弥生町
0%
久留米市城島町
0%
宮若市若宮町
0%
福智町金田町
0%
福智町赤池町
0%
由布市 | 飯塚市庄内町
0%
福智町方城町
0%
飯塚市頴田町
0%
朝倉市甘木市
0%
みやこ町豊津町
0%
朝倉市朝倉町
0%
朝倉市杷木町
0%
みやこ町犀川町
0%
佐伯市本匠村
0%
久留米市三潴町
0%
嘉麻市嘉穂町
0%
香南市野市町
0%
仁淀川町吾川村
0%
嘉麻市碓井町
0%
仁淀川町仁淀村
0%
嘉麻市稲築町
0%
飯塚市穂波町
0%
仁淀川町池川町
0%
中土佐町大野見村
0%
香南市吉川村
0%
香南市香我美町
0%
香南市赤岡町
0%
宇佐市安心院町
0%
香美市香北町
0%
日田市天瀬町
0%
香美市土佐山田町
0%
香美市物部村
0%
四万十町窪川町
0%
豊後高田市真玉町
0%
四万十町十和村
0%
豊後高田市香々地町
0%
飯塚市筑穂町
0%
四万十町大正町
0%
黒潮町佐賀町
0%
黒潮町大方町
0%
宗像市玄海町
0%
福津市津屋崎町
0%
上島町岩城村
0%
久万高原町柳谷村
0%
山口市阿東町
0%
五島市岐宿町
0%
三好市西祖谷山村
0%
三好市東祖谷山村
0%
東みよし町三加茂町
0%
延岡市北川町
0%
小林市須木村
0%
阿南市羽ノ浦町
0%
阿南市那賀川町
0%
美波町日和佐町
0%
美波町由岐町
0%
五島市玉之浦町
0%
海陽町海南町
0%
壱岐市石田町
0%
薩摩川内市下甑村
0%
壱岐市勝本町
0%
伊賀市阿山町
0%
熊本市富合町
0%
都城市山之口町
0%
海陽町宍喰町
0%
壱岐市芦辺町
0%
対馬市豊玉町
0%
都城市高城町
0%
都城市高崎町
0%
宮崎市田野町
0%
対馬市峰町
0%
小林市野尻町
0%
天草市天草町
0%
国東市武蔵町
0%
那賀町上那賀町
0%
鹿児島市松元町
0%
鹿児島市桜島町
0%
鹿児島市郡山町
0%
鹿児島市喜入町
0%
みやま市 | 吉野川市 | 指宿市山川町
0%
吉野川市美郷村
0%
薩摩川内市里村
0%
薩摩川内市樋脇町
0%
薩摩川内市入来町
0%
美馬市木屋平村
0%
天草市倉岳町
0%
那賀町相生町
0%
三好市井川町
0%
那賀町木沢村
0%
那賀町木頭村
0%
那賀町鷲敷町
0%
つるぎ町一宇村
0%
薩摩川内市上甑村
0%
薩摩川内市鹿島村
0%
つるぎ町半田町
0%
阿波市阿波町
0%
薩摩川内市祁答院町
0%
阿波市吉野町
0%
阿波市市場町
0%
阿波市土成町
0%
宮崎市高岡町
0%
国東市安岐町
0%
唐津市北波多村
0%
中津市山国町
0%
佐賀市富士町
0%
佐賀市諸富町
0%
佐賀市三瀬村
0%
臼杵市野津町
0%
みやき町北茂安町
0%
新居浜市別子山村
0%
中津市三光村
0%
四国中央市新宮村
0%
四国中央市川之江市
0%
みやき町三根町
0%
西予市三瓶町
0%
西予市城川町
0%
嬉野市塩田町
0%
中津市本耶馬渓町
0%
西予市明浜町
0%
中津市耶馬溪町
0%
小城市牛津町
0%
西予市野村町
0%
佐伯市宇目町
0%
佐伯市蒲江町
0%
久万高原町美川村
0%
久万高原町面河村
0%
小城市芦刈町
0%
佐伯市直川村
0%
唐津市七山村
0%
豊後大野市犬飼町
0%
由布市挾間町
0%
竹田市荻町
0%
対馬市美津島町
0%
対馬市上対馬町
0%
杵築市大田村
0%
杵築市山香町
0%
対馬市上県町
0%
熊本市城南町
0%
佐賀市東与賀町
0%
竹田市直入町
0%
竹田市久住町
0%
佐賀市川副町
0%
佐賀市久保田町
0%
豊後大野市朝地町
0%
豊後大野市三重町
0%
神埼市脊振村
0%
豊後大野市千歳村
0%
熊本市植木町
0%
豊後大野市清川村
0%
大分市佐賀関町
0%
吉野ヶ里町東脊振村
0%
吉野ヶ里町三田川町
0%
大分市野津原町
0%
延岡市 | 武雄市北方町
0%
武雄市山内町
0%
豊後大野市緒方町
0%
まんのう町仲南町
0%
宇城市松橋町
0%
山武市蓮沼村
0%
赤磐市熊山町
0%
新潟市亀田町
0%
上越市浦川原村
0%
上越市三和村
0%
上越市清里村
0%
上越市大潟町
0%
上越市中郷村
0%
上越市板倉町
0%
上越市牧村
0%
上越市名立町
0%
上越市頸城村
0%
糸魚川市青海町
0%
糸魚川市能生町
0%
新潟市横越町
0%
新潟市潟東村
0%
新潟市岩室村
0%
新潟市月潟村
0%
魚沼市入広瀬村
0%
長岡市中之島町
0%
阿賀町鹿瀬町
0%
阿賀町三川村
0%
妙高市妙高村
0%
妙高市妙高高原町
0%
十日町市川西町
0%
十日町市松之山町
0%
長岡市小国町
0%
新潟市小須戸町
0%
長岡市山古志村
0%
長岡市三島町
0%
長岡市越路町
0%
新潟市味方村
0%
新潟市中之口村
0%
新潟市西川町
0%
上越市安塚町
0%
魚沼市湯之谷村
0%
三条市栄町
0%
南房総市丸山町
0%
南房総市和田町
0%
南房総市富山町
0%
南房総市富浦町
0%
南房総市白浜町
0%
南房総市千倉町
0%
南房総市三芳村
0%
匝瑳市野栄町
0%
北栄町 | 成田市大栄町
0%
いすみ市岬町
0%
旭市干潟町
0%
旭市海上町
0%
鴨川市天津小湊町
0%
加須市北川辺町
0%
加須市大利根町
0%
成田市下総町
0%
香取市栗源町
0%
魚沼市守門村
0%
佐渡市真野町
0%
魚沼市広神村
0%
阿賀野市笹神村
0%
阿賀野市京ヶ瀬村
0%
阿賀野市安田町
0%
佐渡市畑野町
0%
佐渡市赤泊村
0%
佐渡市新穂村
0%
香取市小見川町
0%
佐渡市金井町
0%
下関市 | 新発田市豊浦町
0%
新潟市黒埼町
0%
相模原市藤野町
0%
山武市松尾町
0%
山武市山武町
0%
阿賀町上川村
0%
三条市下田村
0%
ときがわ町玉川村
0%
南アルプス市若草町
0%
南越前町河野村
0%
南越前町南条町
0%
越前町越前町
0%
越前町宮崎村
0%
越前町織田町
0%
若狭町上中町
0%
大野市和泉村
0%
福井市越廼村
0%
永平寺町松岡町
0%
永平寺町上志比村
0%
坂井市坂井町
0%
南部町富沢町
0%
南アルプス市芦安村
0%
南アルプス市櫛形町
0%
南アルプス市白根町
0%
輪島市門前町
0%
笛吹市御坂町
0%
北杜市長坂町
0%
北杜市大泉村
0%
北杜市須玉町
0%
北杜市高根町
0%
笛吹市八代町
0%
笛吹市春日居町
0%
笛吹市境川村
0%
南アルプス市八田村
0%
身延町中富町
0%
身延町身延町
0%
甲斐市敷島町
0%
甲斐市双葉町
0%
富士河口湖町足和田村
0%
富士河口湖町勝山村
0%
あわら市金津町
0%
加賀市山中町
0%
柏崎市高柳町
0%
村上市神林村
0%
中津川市 | 高岡市福岡町
0%
富山市大沢野町
0%
富山市細入村
0%
南砺市利賀村
0%
南砺市井口村
0%
砺波市庄川町
0%
村上市山北町
0%
かほく市七塚町
0%
村上市荒川町
0%
燕市分水町
0%
長岡市和島村
0%
新発田市紫雲寺町
0%
新発田市加治川村
0%
柏崎市西山町
0%
射水市下村
0%
七尾市田鶴浜町
0%
志賀町富来町
0%
能美市辰口町
0%
能登町柳田村
0%
能登町内浦町
0%
中能登町鳥屋町
0%
中能登町鹿西町
0%
宝達志水町志雄町
0%
宝達志水町押水町
0%
能美市寺井町
0%
七尾市能登島町
0%
能美市根上町
0%
白山市尾口村
0%
白山市鶴来町
0%
白山市鳥越村
0%
白山市吉野谷村
0%
白山市河内村
0%
加須市騎西町
0%
神川町神泉村
0%
北杜市武川村
0%
秋田市雄和町
0%
栗原市鴬沢町
0%
栗原市高清水町
0%
栗原市志波姫町
0%
東松島市鳴瀬町
0%
東松島市矢本町
0%
南三陸町歌津町
0%
南三陸町志津川町
0%
気仙沼市唐桑町
0%
大崎市 | 志布志市 | 酒田市松山町
0%
大崎市鳴子町
0%
美郷町仙南村
0%
美郷町千畑町
0%
市川三郷町 | 美郷町六郷町
0%
秋田市河辺町
0%
男鹿市若美町
0%
登米市米山町
0%
大仙市太田町
0%
大館市 | 錦江町田代町
0%
北秋田市森吉町
0%
北秋田市合川町
0%
北秋田市阿仁町
0%
大仙市南外村
0%
大仙市中仙町
0%
大仙市仙北町
0%
湯沢市稲川町
0%
大仙市西仙北町
0%
潟上市飯田川町
0%
潟上市天王町
0%
由利本荘市西目町
0%
由利本荘市岩城町
0%
湯沢市皆瀬村
0%
登米市豊里町
0%
登米市南方町
0%
仙北市西木村
0%
外ヶ浜町平舘村
0%
盛岡市都南村
0%
弘前市相馬村
0%
弘前市岩木町
0%
南部町名川町
0%
南部町福地村
0%
藤崎町常盤村
0%
外ヶ浜町三厩村
0%
宮古市 | 桐生市新里村
0%
外ヶ浜町蟹田町
0%
五所川原市市浦村
0%
むつ市 | 東温市川内町
0%
つがる市森田村
0%
つがる市稲垣村
0%
五戸町倉石村
0%
大船渡市三陸町
0%
八幡平市安代町
0%
登米市中田町
0%
奥州市衣川村
0%
石巻市北上町
0%
石巻市桃生町
0%
石巻市河南町
0%
石巻市牡鹿町
0%
加美町小野田町
0%
久慈市山形村
0%
盛岡市玉山村
0%
八幡平市西根町
0%
二本松市 | 周防大島町 | 登米市 | 花巻市東和町
0%
花巻市大迫町
0%
遠野市宮守村
0%
一関市東山町
0%
一関市川崎村
0%
一関市室根村
0%
大館市比内町
0%
横手市山内村
0%
深谷市川本町
0%
みなかみ町月夜野町
0%
那須烏山市南那須町
0%
鹿沼市粟野町
0%
下野市下石橋町
0%
下野市南河内町
0%
日光市栗山村
0%
栃木市西方町
0%
十日町市 | 神流町中里村
0%
前橋市宮城村
0%
前橋市粕川村
0%
伊勢崎市境町
0%
伊勢崎市赤堀町
0%
沼田市利根村
0%
太田市新田町
0%
太田市尾島町
0%
高崎市群馬町
0%
大田原市大田原市
0%
熊谷市大里町
0%
深谷市花園町
0%
深谷市 | 藤枝市岡部町
0%
行田市南河原村
0%
小鹿野町両神村
0%
鴻巣市川里町
0%
日置市 | 鴻巣市吹上町
0%
秩父市荒川村
0%
高崎市箕郷町
0%
飯能市名栗村
0%
中之条町六合村
0%
富岡市妙義町
0%
渋川市赤城村
0%
渋川市小野上村
0%
渋川市子持村
0%
大田原市湯津上村
0%
大田原市黒羽町
0%
横手市大森町
0%
庄内町立川町
0%
田村市都路村
0%
田村市滝根町
0%
田村市大越町
0%
会津若松市北会津村
0%
鶴岡市藤島町
0%
鶴岡市櫛引町
0%
庄内町余目町
0%
会津美里町会津高田町
0%
能代市二ツ井町
0%
三種町八竜町
0%
三種町琴丘町
0%
にかほ市金浦町
0%
横手市平鹿町
0%
横手市大雄村
0%
須賀川市岩瀬村
0%
会津美里町会津本郷町
0%
那須塩原市塩原町
0%
南会津町伊南村
0%
常陸大宮市美和村
0%
常陸大宮市緒川村
0%
常陸大宮市山方町
0%
福島市飯野町
0%
本宮市 | 沼田市白沢村
0%
南会津町舘岩村
0%
喜多方市高郷村
0%
会津美里町新鶴村
0%
喜多方市塩川町
0%
南相馬市小高町
0%
二本松市岩代町
0%
白河市表郷村
0%
白河市大信村
0%
会津若松市河東町
0%
北杜市白州町
0%
北杜市明野村
0%
鏡野町上齋原村
0%
篠山市丹南町
0%
近江八幡市安土町
0%
京丹後市久美浜町
0%
京丹後市網野町
0%
京丹後市弥栄町
0%
京丹波町丹波町
0%
京丹波町和知町
0%
福知山市大江町
0%
福知山市夜久野町
0%
南丹市 | 日置市日吉町
0%
南丹市八木町
0%
与謝野町岩滝町
0%
与謝野町野田川町
0%
木津川市 | 津山市 | 雲南市加茂町
0%
三好市 | 木津川市山城町
0%
養父市関宮町
0%
長浜市西浅井町
0%
宇陀市室生村
0%
南九州市 | 日高川町川辺町
0%
田辺市中辺路町
0%
海南市下津町
0%
みなべ町南部川村
0%
宇陀市菟田野町
0%
宇陀市大宇陀町
0%
五條市 | 田辺市大塔村
0%
養父市大屋町
0%
五條市西吉野村
0%
奈良市都祁村
0%
葛城市當麻町
0%
葛城市新庄町
0%
佐用町 | 小城市三日月町
0%
豊岡市日高町
0%
長浜市木之本町
0%
長浜市湖北町
0%
日高川町美山村
0%
紀北町海山町
0%
津市安濃町
0%
熊野市紀和町
0%
伊勢市二見町
0%
伊勢市小俣町
0%
伊勢市御薗村
0%
紀北町紀伊長島町
0%
南伊勢町南島町
0%
津市芸濃町
0%
大紀町大内山村
0%
大紀町紀勢町
0%
亀山市関町
0%
松阪市飯南町
0%
松阪市飯高町
0%
松阪市三雲町
0%
津市河芸町
0%
津市香良洲町
0%
大津市志賀町
0%
東近江市五個荘町
0%
愛荘町愛知川町
0%
長浜市東浅井町
0%
長浜市びわ町
0%
姶良市 | 東近江市蒲生町
0%
米原市近江町
0%
米原市伊吹町
0%
東近江市永源寺町
0%
津市美杉村
0%
東近江市愛東町
0%
甲賀市土山町
0%
甲賀市水口町
0%
甲賀市信楽町
0%
多気町勢和村
0%
津市美里村
0%
日高川町中津村
0%
新宮市熊野川町
0%
伊賀市島ヶ原村
0%
松江市八束町
0%
隠岐の島町布施村
0%
益田市匹見町
0%
雲南市掛合町
0%
雲南市吉田村
0%
飯南町赤来町
0%
飯南町頓原町
0%
出雲市湖陵町
0%
出雲市佐田町
0%
出雲市多伎町
0%
出雲市大社町
0%
松江市玉湯町
0%
松江市宍道町
0%
松江市島根町
0%
松江市八雲村
0%
奥出雲町仁多町
0%
隠岐の島町五箇村
0%
吉備中央町賀陽町
0%
鏡野町鏡野町
0%
鏡野町奥津町
0%
津山市勝北町
0%
津山市阿波村
0%
瀬戸内市邑久町
0%
瀬戸内市長船町
0%
吉備中央町加茂川町
0%
浜田市金城町
0%
高梁市有漢町
0%
高梁市備中町
0%
高梁市成羽町
0%
出雲市斐川町
0%
松江市東出雲町
0%
大田市仁摩町
0%
隠岐の島町都万村
0%
邑南町石見町
0%
かつらぎ町花園村
0%
琴浦町赤碕町
0%
鳥取市気高町
0%
鳥取市河原町
0%
南部町西伯町
0%
南部町会見町
0%
湯梨浜町泊村
0%
琴浦町東伯町
0%
白浜町日置川町
0%
鳥取市青谷町
0%
橋本市高野口町
0%
有田川町吉備町
0%
紀美野町野上町
0%
紀の川市那賀町
0%
紀の川市桃山町
0%
紀の川市貴志川町
0%
鳥取市佐治村
0%
鳥取市福部村
0%
邑南町羽須美村
0%
八頭町船岡町
0%
美郷町邑智町
0%
江津市桜江町
0%
安来市伯太町
0%
安来市広瀬町
0%
北栄町北条町
0%
八頭町八東町
0%
八頭町郡家町
0%
鳥取市用瀬町
0%
米子市淀江町
0%
大山町名和町
0%
伊予市 | 大山町中山町
0%
倉吉市関金町
0%
伯耆町溝口町
0%
伯耆町岸本町
0%
桑名市多度町
0%
伊賀市大山田村
0%
上野原市秋山村
0%
松本市波田町
0%
筑北村坂井村
0%
筑北村坂北村
0%
筑北村本城村
0%
木曽町開田村
0%
木曽町三岳村
0%
木曽町日義村
0%
木曽町木曽福島町
0%
阿智村浪合村
0%
上田市真田町
0%
上田市武石村
0%
伊那市長谷村
0%
阿智村清内路村
0%
長野市信州新町
0%
長野市中条村
0%
山県市伊自良村
0%
飯綱町三水村
0%
郡上市明宝村
0%
恵那市山岡町
0%
恵那市串原村
0%
下呂市萩原町
0%
下呂市馬瀬村
0%
下呂市小坂町
0%
郡上市和良村
0%
郡上市美並村
0%
山県市高富町
0%
郡上市高鷲村
0%
本巣市本巣町
0%
本巣市真正町
0%
本巣市糸貫町
0%
大台町 | 飛騨市宮川村
0%
瑞穂市巣南町
0%
飯綱町牟礼村
0%
長和町和田村
0%
揖斐川町久瀬村
0%
笛吹市芦川村
0%
東御市北御牧村
0%
東御市東部町
0%
千曲市上山田町
0%
千曲市戸倉町
0%
飯田市上郷町
0%
富士川町増穂町
0%
甲府市中道町
0%
長野市戸隠村
0%
中央市豊富村
0%
中央市田富町
0%
中央市玉穂町
0%
市川三郷町三珠町
0%
山梨市牧丘町
0%
山梨市三富村
0%
長野市鬼無里村
0%
長野市大岡村
0%
長和町長門町
0%
佐久市臼田町
0%
安曇野市堀金村
0%
安曇野市三郷村
0%
飯田市南信濃村
0%
あさぎり町 | 飯田市上村
0%
佐久市望月町
0%
佐久市浅科村
0%
塩尻市楢川村
0%
宇城市 | 長野市豊野町
0%
中野市豊田村
0%
松本市奈川村
0%
松本市四賀村
0%
松本市安曇村
0%
松本市梓川村
0%
佐久穂町八千穂村
0%
恵那市上矢作町
0%
揖斐川町坂内村
0%
伊賀市伊賀町
0%
一宮市木曽川町
0%
愛西市佐屋町
0%
稲沢市平和町
0%
稲沢市祖父江町
0%
豊田市小原村
0%
豊田市下山村
0%
豊田市稲武町
0%
一宮市尾西市
0%
愛西市立田村
0%
田原市赤羽根町
0%
富士宮市芝川町
0%
牧之原市相良町
0%
浜松市龍山村
0%
浜松市細江町
0%
浜松市佐久間町
0%
愛西市八開村
0%
清須市新川町
0%
伊豆の国市大仁町
0%
西尾市吉良町
0%
志摩市浜島町
0%
志摩市大王町
0%
志摩市磯部町
0%
志摩市阿児町
0%
いなべ市北勢町
0%
いなべ市大安町
0%
豊川市小坂井町
0%
清須市清洲町
0%
豊川市音羽町
0%
弥富市十四山村
0%
北名古屋市師勝町
0%
設楽町津具村
0%
新城市鳳来町
0%
新城市作手村
0%
西伊豆町賀茂村
0%
伊豆の国市伊豆長岡町
0%
揖斐川町春日村
0%
高山市荘川村
0%
関市武芸川町
0%
関市武儀町
0%
関市板取村
0%
関市洞戸村
0%
関市上之保村
0%
高山市丹生川村
0%
高山市清見村
0%
中津川市山口村
0%
高山市上宝村
0%
高山市 | 鳥取市国府町
0%
高山市高根村
0%
高山市宮村
0%
高山市久々野町
0%
揖斐川町谷汲村
0%
中津川市坂下町
0%
中津川市蛭川村
0%
袋井市浅羽町
0%
伊豆市天城湯ヶ島町
0%
掛川市大須賀町
0%
磐田市竜洋町
0%
磐田市豊岡村
0%
磐田市福田町
0%
菊川市小笠町
0%
御前崎市浜岡町
0%
伊豆市中伊豆町
0%
中津川市付知町
0%
静岡市由比町
0%
静岡市蒲原町
0%
大垣市上石津町
0%
多治見市笠原町
0%
岐阜市柳津町
0%
海津市南濃町
0%
八重瀬町東風平町
0%

Score Distribution

Percentile by Number Answered

Percent of People with Each Score

Your Score History

You have not taken this quiz since the last reset